| 000 -LEADER |
| fixed length control field |
02245cam a22003734a 4500 |
| 001 - CONTROL NUMBER |
| control field |
13807308 |
| 003 - CONTROL NUMBER IDENTIFIER |
| control field |
OSt |
| 005 - DATE AND TIME OF LATEST TRANSACTION |
| control field |
20140116120827.0 |
| 008 - FIXED-LENGTH DATA ELEMENTS--GENERAL INFORMATION |
| fixed length control field |
041206s2005 nyu b 001 0 eng |
| 010 ## - LIBRARY OF CONGRESS CONTROL NUMBER |
| LC control number |
2004028757 |
| 020 ## - INTERNATIONAL STANDARD BOOK NUMBER |
| International Standard Book Number |
97800199281060 |
| 040 ## - CATALOGING SOURCE |
| Original cataloging agency |
DLC |
| Transcribing agency |
DLC |
| Modifying agency |
DLC |
| 042 ## - AUTHENTICATION CODE |
| Authentication code |
pcc |
| 050 00 - LIBRARY OF CONGRESS CALL NUMBER |
| Classification number |
K1705.L33 2005 |
| 245 00 - TITLE STATEMENT |
| Title |
Labour rights as human rights / |
| Statement of responsibility, etc |
edited by Philip Alston |
| 260 ## - PUBLICATION, DISTRIBUTION, ETC. (IMPRINT) |
| Place of publication, distribution, etc |
Oxford ; |
| -- |
New York : Oxford University Press, |
| Date of publication, distribution, etc |
2005. |
| 300 ## - PHYSICAL DESCRIPTION |
| Extent |
viii, 253 p. ; |
| Dimensions |
24 cm. |
| 440 #4 - SERIES STATEMENT/ADDED ENTRY--TITLE |
| Title |
The collected courses of the Academy of European Law ; |
| Volume number/sequential designation |
v. 14/1 |
| 504 ## - BIBLIOGRAPHY, ETC. NOTE |
| Bibliography, etc |
Includes bibliographical references and index. |
| 505 0# - FORMATTED CONTENTS NOTE |
| Formatted contents note |
Labour rights as human rights : the not so happy state of the art / Philip Alston -- Social rights in a globalized economy / Simon Deakin -- The right to bargain collectively in international law : workers' right, human right, international right? / Patrick Macklem -- Is the ILO effective in upholding workers' rights? : reflections on the Myanmar experience / Francis Maupain -- The labor dimension of the emerging Free Trade Area of the Americas / Steve Charnovitz -- Should the EU have the power to set minimum standards for collective labour rights in the member states? / A.C.L. Davies -- The European Union and international labour standards : the dynamics of dialogue between the EU and the ILO / Tonia Novitz. |
| 650 #0 - SUBJECT ADDED ENTRY--TOPICAL TERM |
| Topical term or geographic name as entry element |
Labor laws and legislation. |
| 650 #0 - SUBJECT ADDED ENTRY--TOPICAL TERM |
| Topical term or geographic name as entry element |
Labor laws and legislation, International. |
| 650 #0 - SUBJECT ADDED ENTRY--TOPICAL TERM |
| Topical term or geographic name as entry element |
Human rights. |
| 700 1# - ADDED ENTRY--PERSONAL NAME |
| Personal name |
Alston, Philip. |
| 710 2# - ADDED ENTRY--CORPORATE NAME |
| Corporate name or jurisdiction name as entry element |
Academy of European Law. |
| 710 2# - ADDED ENTRY--CORPORATE NAME |
| Corporate name or jurisdiction name as entry element |
Academy of European Law |
| Subordinate unit |
European University Institute |
| 710 2# - ADDED ENTRY--CORPORATE NAME |
| Corporate name or jurisdiction name as entry element |
New York University. |
| Subordinate unit |
Center for Human Rights and Global Justice. |
| 856 42 - ELECTRONIC LOCATION AND ACCESS |
| Materials specified |
Publisher description |
| Uniform Resource Identifier |
<a href="http://www.loc.gov/catdir/enhancements/fy0640/2004028757-d.html">http://www.loc.gov/catdir/enhancements/fy0640/2004028757-d.html</a> |
| 856 41 - ELECTRONIC LOCATION AND ACCESS |
| Materials specified |
Table of contents only |
| Uniform Resource Identifier |
<a href="http://www.loc.gov/catdir/enhancements/fy0640/2004028757-t.html">http://www.loc.gov/catdir/enhancements/fy0640/2004028757-t.html</a> |
| 856 42 - ELECTRONIC LOCATION AND ACCESS |
| Materials specified |
Contributor biographical information |
| Uniform Resource Identifier |
<a href="http://www.loc.gov/catdir/enhancements/fy0726/2004028757-b.html">http://www.loc.gov/catdir/enhancements/fy0726/2004028757-b.html</a> |
| 906 ## - LOCAL DATA ELEMENT F, LDF (RLIN) |
| a |
7 |
| b |
cbc |
| c |
orignew |
| d |
1 |
| e |
ecip |
| f |
20 |
| g |
y-gencatlg |
| 942 ## - ADDED ENTRY ELEMENTS (KOHA) |
| Source of classification or shelving scheme |
|
| Koha item type |
Book |